000 00909nam a22002895i 4500
005 20241002161825.0
008 241002s2017 enk 000 0 eng d
020 _a9780414058125
_qpaperback
041 _aeng
245 0 0 _aJCT : Measured Term Contract Guide 2016.
_bMTC/G 2016
260 _aLondon
_bSweet & Maxwell,
_c2017
264 1 _aLondon :
_bThomson Reuters (Professional) UK Limited,
_c2017.
264 4 _c©2017
300 _aii, 12 pages ;
_c30 cm
336 _atext
_2rdacontent
337 _aunmediated
_2rdamedia
338 _avolume
_2rdacarrier
490 _aJCT Contracts 2016
500 _aTitle from cover.
500 _a"CE/P 2016" --Cover.
650 0 _aConstruction contracts
_zGreat Britain.
651 _aUnited Kingdom
690 _aConstruction management
_96230
710 2 _aJoint Contracts Tribunal,
_eauthor.
942 _n0
999 _c122024
_d122024